| 000 | 00617nam a2200217 a 4500 | ||
|---|---|---|---|
| 003 | LC | ||
| 005 | 20160310153431.0 | ||
| 008 | 040311s19uu xx 00 eng d | ||
| 020 | _a067081458X | ||
| 050 |
_aPS 3561.I483 _b.Ey9 1987 |
||
| 100 | _aKing, Stephen | ||
| 245 |
_aThe eyes of the dragon _cStephen King; illustrations by David Palladini. |
||
| 260 |
_aNew York : _bViking Penguin, _c1987. |
||
| 300 |
_a326 p. : _c24 cm. |
||
| 650 | _aFantasy fiction | ||
| 650 | _aGood and evil -- Fiction. | ||
| 650 | _aWizards -- Fiction. | ||
| 650 | _aDragons -- Fiction. | ||
| 942 |
_cBK _2lcc |
||
| 999 |
_c115509 _d115509 |
||